|
|
|
|
| LEADER |
01689nam a2200469 i 4500 |
| 001 |
001663492 |
| 003 |
CZ BrMZK |
| 005 |
20230825115425.0 |
| 007 |
ta |
| 008 |
190110s2016 xo e 000 0acze |
| 020 |
|
|
|a 978-80-8111-386-4
|q (vázáno)
|
| 040 |
|
|
|a BOA001
|b cze
|e rda
|
| 041 |
1 |
|
|a cze
|h eng
|
| 043 |
|
|
|a n-us---
|
| 045 |
|
|
|a x7y1
|
| 072 |
|
7 |
|a 616
|x Patologie. Klinická medicína
|2 Konspekt
|9 14
|
| 072 |
|
7 |
|a 929
|x Biografie
|2 Konspekt
|9 8
|
| 080 |
|
|
|a 616.8-089-051
|2 MRF
|
| 080 |
|
|
|a 616-036.88-052
|2 MRF
|
| 080 |
|
|
|a 929
|2 MRF
|
| 080 |
|
|
|a (73)
|2 MRF
|
| 080 |
|
|
|a (092)
|2 MRF
|
| 100 |
1 |
|
|a Kalanithi, Paul,
|d 1977-2015
|7 xx0207924
|4 aut
|
| 240 |
1 |
0 |
|a When breath becomes air.
|l Česky
|
| 245 |
1 |
0 |
|a Můj poslední výdech /
|c Paul Kalanithi ; z anglického originálu When breath becomes air ... přeložila Jana Svašková
|
| 250 |
|
|
|a Vydání první
|
| 264 |
|
1 |
|a V Bratislavě :
|b Noxi,
|c 2016
|
| 300 |
|
|
|a 277 stran ;
|c 21 cm
|
| 336 |
|
|
|a text
|b txt
|2 rdacontent
|
| 337 |
|
|
|a bez média
|b n
|2 rdamedia
|
| 338 |
|
|
|a svazek
|b nc
|2 rdacarrier
|
| 600 |
1 |
7 |
|a Kalanithi, Paul,
|d 1977-2015
|7 xx0207924
|2 czenas
|
| 648 |
|
4 |
|a 1977-2015
|
| 648 |
|
7 |
|a 20.-21. století
|7 ch462155
|2 czenas
|
| 650 |
0 |
7 |
|a neurochirurgové
|7 ph534675
|z Spojené státy americké
|y 20.-21. století
|2 czenas
|
| 650 |
0 |
7 |
|a nevyléčitelně nemocní
|7 ph123280
|z Spojené státy americké
|y 20.-21. století
|2 czenas
|
| 655 |
|
7 |
|a autobiografie
|7 fd131855
|2 czenas
|
| 700 |
1 |
|
|a Svašková, Jana
|7 jx20051223020
|4 trl
|
| 910 |
|
|
|a BOA001
|b 2-1422.060
|
| 990 |
|
|
|a BK
|
| 991 |
|
|
|b 201904
|c NOV
|
| 996 |
7 |
|
|b 2610768181
|c 2-1422.060
|l MZK
|r Sklad / do 1 hodiny
|n 9
|p dar
|w 001703269
|u 000010
|a 1
|e BOA001
|j MZK50
|s A
|